Представление документа в формате RUSMARC

ПолеНазваниеЗначение
  Тип записи a
  Библиографический уровень a
001 Контрольный номер UONB/MAIN/f3557d95b6bd460fbe91695d2d887855
005 Дата корректировки 20260512164153.1
100 Данные общей обработки __
a Данные общей обработки 20260512 ||| 0rusy0189 ca
101 Язык документа 0_
a Язык текста rus
102 Страна публикации __
a Страна публикации RU
200 Заглавие и сведения об ответственности 1_
a Заглавие России - жить!
203 Вид содержания и тип средства __
a Вид содержания Текст
b Характеристика содержания визуальный
c Тип средства непосредственный
215 Физическое описание __
c Иллюстрации/тип воспроизводства ил., портр.
330 Аннотация __
a Аннотация В селе Новая Малыкла прошел творческий конкурс "России - жить!".
461 Уровень набора _0
1 2000
a Звезда
463 Уровень физической единицы _0
1 2000
a № 18 (10550) (1 мая)
v С. 5
1 2101
d 2026
1 001UONB/MAIN/469291ae8fcb4881b5a91190d0804639
600 Персоналии _1
a Персоналии (Фамилия) Касимов
b Персоналии (Имя, инициалы) Н. Н.
g Полное имя Николай Николаевич
600 Персоналии _1
a Персоналии (Фамилия) Княгинина
b Персоналии (Имя, инициалы) Л. Е.
g Полное имя Людмила Евгеньевна
607 Географические рубрики __
a Географическое наименование Новая Малыкла, село (Новомалыклинский район ; Ульяновская область)
610 Ключевые слова 0_
a Ключевые слова конкурсы; творческие коллективы; певцы; чтецы; танцы
686 Индексы других классификаций __
a Классификационный индекс 77
2 Код системы rubbk
801 Источник записи _0
a Страна RU
b Организация Ульяновская ОНБ
c Дата составления 20260512
g Правила каталогизации RCR
801 Источник записи _1
a Страна RU
b Организация Ульяновская ОНБ
c Дата составления 20260512
g Правила каталогизации RCR
901 Тип документа __
t Тип документа f
w Контрольный № источника UONB/MAIN/469291ae8fcb4881b5a91190d0804639
909 Создатель записи __
a Создатель записи Логинова
b Дата создания записи 20260512